Подробности
| 000 -МАРКЕР |
| контрольное поле |
03419nam0a2200469 4500 |
| 001 - ИДЕНТИФИКАТОР ЗАПИСИ |
| контрольное поле |
RU\NLR\bibl\1032115 |
| 005 - ИДЕНТИФИКАТОР ВЕРСИИ |
| контрольное поле |
20260405161646.0 |
| 010 ## - МЕЖДУНАРОДНЫЙ СТАНДАРТНЫЙ НОМЕР КНИГИ (ISBN) |
| Номер (ISBN) |
5-89480-106-0 |
| Уточнения |
В пер. |
| 021 ## - НОМЕР ГОСУДАРСТВЕННОЙ РЕГИСТРАЦИИ |
| Код страны |
Российская Федерация |
| Номер |
2006-76921 |
| Номер Листа государственной регистраци |
3893 |
| 035 ## - ДРУГИЕ СИСТЕМНЫЕ НОМЕРА |
| Идентификатор записи |
(nilc)RSL-KNO-002981770 |
| 035 ## - ДРУГИЕ СИСТЕМНЫЕ НОМЕРА |
| Идентификатор записи |
(NLR Aleph) 001019571 |
| 100 ## - ДАННЫЕ ОБЩЕЙ ОБРАБОТКИ |
| Данные общей обработки |
20061127d2006 |||y0rusy50 ca |
| 101 1# - ЯЗЫК РЕСУРСА |
| Язык текста, звукозаписи и т.д. |
русский |
| -- |
английский |
| 102 ## - СТРАНА ПУБЛИКАЦИИ ИЛИ ПРОИЗВОДСТВА |
| Страна публикации |
Российская Федерация |
| 105 ## - ПОЛЕ КОДИРОВАННЫХ ДАННЫХ: ТЕКСТОВЫЕ МАТЕРИАЛЫ, МОНОГРАФИЧЕСКИЕ |
| Кодированные данные о монографическом текстовом документе |
a zzzz||||| |
| 106 ## - ПОЛЕ КОДИРОВАННЫХ ДАННЫХ: ТЕКСТОВЫЕ РЕСУРСЫ – ФОРМА |
| Форма ресурса: кодированные данные: обозначение носителя |
r |
| 200 1# - ЗАГЛАВИЕ И СВЕДЕНИЯ ОБ ОТВЕТСТВЕННОСТИ |
| Основное заглавие |
От символизма к авангарду |
| Сведения, относящиеся к заглавию |
графика и скульптура первой трети XX века из собрания Марии Салиной и Сергея Кривошеева |
| -- |
[каталог выставки |
| Первые сведения об ответственности |
Наталия Автономова и др. |
| Последующие сведения об ответственности |
авт. вступ. ст. Григорий Стернин |
| -- |
сост. биографий художников: Наталья Семенова] |
| 210 ## - ПУБЛИКАЦИЯ, РАСПРОСТРАНЕНИЕ И ДР. |
| Место издания, распространения и т.д. |
Москва |
| Имя издателя, распространителя и т. д. |
Трилистник |
| -- |
Государственный музей изобразительных искусств. Отд. личных коллекций |
| Дата издания, распространения и т.д. |
2006 |
| 215 ## - ФИЗИЧЕСКАЯ ХАРАКТЕРИСТИКА |
| Специфическое обозначение материала и объем |
271 с. |
| Другие сведения о физической характеристике |
ил., цв. ил., портр. |
| Размеры |
28 |
| 300 ## - ОБЩИЕ ПРИМЕЧАНИЯ |
| Текст примечания |
Текст парал. на рус. и англ. яз. |
| 601 02 - НАИМЕНОВАНИЕ ОРГАНИЗАЦИИ КАК ПРЕДМЕТ |
| Начальный элемент ввода |
Государственный музей изобразительных искусств им. А.С. Пушкина |
| Структурное подразделение организации |
Отдел личных коллекций |
| Идентифицирующий признак |
Москва, город |
| Формальный подзаголовок |
Каталоги |
| -- |
Каталоги |
| Тематический подзаголовок |
Выставки |
| Хронологический подзаголовок |
2006 |
| Системный номер авторитетной/нормативной записи |
2436313 |
| Идентификатор авторитетной/нормативной записи |
RU\NLR\auth\661449726 |
| 606 1# - НАИМЕНОВАНИЕ ТЕМЫ КАК ПРЕДМЕТ |
| Наименование темы |
Художественная коллекция Салиной М. |
| Формальный подзаголовок |
Каталоги |
| Тематический подзаголовок |
Выставки |
| Географический подзаголовок |
Москва, город |
| Хронологический подзаголовок |
2006 |
| Системный номер авторитетной/нормативной записи |
2467632 |
| Идентификатор авторитетной/нормативной записи |
RU\NLR\auth\661465828 |
| 606 1# - НАИМЕНОВАНИЕ ТЕМЫ КАК ПРЕДМЕТ |
| Наименование темы |
Художественная коллекция С. Кривошеева |
| Формальный подзаголовок |
Каталоги |
| Тематический подзаголовок |
Выставки |
| Географический подзаголовок |
Москва, город |
| Хронологический подзаголовок |
2006 |
| Системный номер авторитетной/нормативной записи |
2467631 |
| Идентификатор авторитетной/нормативной записи |
RU\NLR\auth\661465827 |
| 606 1# - НАИМЕНОВАНИЕ ТЕМЫ КАК ПРЕДМЕТ |
| Наименование темы |
Изобразительное искусство русское |
| Тематический подзаголовок |
Выставки |
| Географический подзаголовок |
Москва, город |
| Хронологический подзаголовок |
19 - 20 вв. |
| -- |
2006 |
| Системный номер авторитетной/нормативной записи |
2437785 |
| Идентификатор авторитетной/нормативной записи |
RU\NLR\auth\661450483 |
| 610 0# - НЕКОНТРОЛИРУЕМЫЕ ПРЕДМЕТНЫЕ ТЕРМИНЫ |
| Предметный термин |
Искусство. Искусствознание -- Графика -- История графики -- Российская Федерация -- Русская графика -- Кон. 19 - нач. 20 вв. -- Персоналии графиков -- Музеи. Коллекции. Собрания |
| 610 0# - НЕКОНТРОЛИРУЕМЫЕ ПРЕДМЕТНЫЕ ТЕРМИНЫ |
| Предметный термин |
Искусство. Искусствознание -- Скульптура -- История скульптуры -- Российская Федерация -- Русская скульптура -- Кон. 19 - нач. 20 вв. -- Персоналии скульпторов -- Музеи. Коллекции. Собрания |
| 686 ## - ИНДЕКСЫ ДРУГИХ КЛАССИФИКАЦИЙ |
| Индекс |
Щ153(2Р=Р)53-8л61 |
| Код системы |
|
| 686 ## - ИНДЕКСЫ ДРУГИХ КЛАССИФИКАЦИЙ |
| Индекс |
Щ133(2Р=Р)53-8л61 |
| Код системы |
|
| 686 ## - ИНДЕКСЫ ДРУГИХ КЛАССИФИКАЦИЙ |
| Индекс |
Щ101.3(2Р)-4 Салина |
| 686 ## - ИНДЕКСЫ ДРУГИХ КЛАССИФИКАЦИЙ |
| Индекс |
Щ101.3(2Р)-4 Кривошеев |
| 686 ## - ИНДЕКСЫ ДРУГИХ КЛАССИФИКАЦИЙ |
| Индекс |
Щ103(2Р=Рус)53л61 |
| 702 #1 - ИМЯ ЛИЦА - ВТОРИЧНАЯ ОТВЕТСТВЕННОСТЬ |
| Код отношения |
Составитель |
| Графика поля |
Кириллица |
| Материалы, к которым относится поле |
rus |
| Начальный элемент ввода |
Автономова |
| Часть имени, кроме начального элемента ввода |
Н. Б. |
| Даты |
1947- |
| Расширение инициалов личного имени |
Наталья Борисовна |
| Системный номер авторитетной/нормативной записи |
51014 |
| Идентификатор авторитетной/нормативной записи |
RU\NLR\AUTH\7768086 |
| 702 #1 - ИМЯ ЛИЦА - ВТОРИЧНАЯ ОТВЕТСТВЕННОСТЬ |
| Начальный элемент ввода |
Салина |
| Часть имени, кроме начального элемента ввода |
М. |
| Расширение инициалов личного имени |
Мария |
| Код отношения |
Прочие |
| 702 #1 - ИМЯ ЛИЦА - ВТОРИЧНАЯ ОТВЕТСТВЕННОСТЬ |
| Начальный элемент ввода |
Кривошеев |
| Часть имени, кроме начального элемента ввода |
С. |
| Расширение инициалов личного имени |
Сергей |
| Код отношения |
Прочие |
| 801 #0 - ИСТОЧНИК ЗАПИСИ |
| Страна |
Российская Федерация |
| Организация |
РКП |
| Дата составления |
20061127 |
| Правила каталогизации |
rcr |
| 801 #1 - ИСТОЧНИК ЗАПИСИ |
| Страна |
Российская Федерация |
| Организация |
РГБ |
| Дата составления |
20061127 |
| 801 #2 - ИСТОЧНИК ЗАПИСИ |
| Страна |
Российская Федерация |
| Организация |
NLR |
| Дата составления |
20070118 |
| Правила каталогизации |
rcr |
| 942 ## - ДОПОЛНИТЕЛЬНЫЕ ЭЛЕМЕНТЫ ЗАПИСИ (АБИС) |
| Тип экземпляра АБИС |
Книга |
| 980 ## - КОЛЛЕКЦИЯ |
| Название коллекции |
Национальная библиография |